00473nam a22001697a 4500003000500000005001700005008004100022010001000063011001000073035001000083040000900093100003000102245010900132260003600241300001000277650001600287CHAP20220329135840.0971013s1984 r 00010 d a43261 a44233 a48371 cCHAP00aSaénz Colín, Alfredo. aMicoplasmasb: son los microorganismos responsables de muchas enfermedades vegetales, animales y humanas aMéxico, D.F. :bPFIZER,c1984 a(2) p14aMicoplasma.